=LDR 00000nam 2200000 4500 =001 INLIS000000000008137 =005 20200511080809 =035 ##$$a 0010-061300000008137 =008 200511################g##########0#ind## =041 ##$$a Ind =082 ##$$a 2x4 =090 ##$$a 2x4, Jau f =100 ##$$a Aljaujziyyah, Ibnu Qayyim =245 1#$$a Fatwa-fatwa Rasulullah SAW. jilid II /$c Ibnu Qayyim Al-Jauziyyah; Penerjemah, S. Ziyad Abbas =260 ##$$a Jakarta :$b Pustaka Panjimas,$c 1990 =300 ##$$a xvi, 260 hlm. ; $c 20 x 14 cm. =650 #4$$a Fiqih (Hukum Islam) =700 #$$a Abbas, S. Ziyad =850 ##$$a NBPNMAT =084 ##$$a 2x4 ALJ f =250 ##$$a Cet. 1 =990 ##$$a 40.588/Pro.91 =990 ##$$a 40.590/pro-91